000
00279cam a2200121ua 4500
082
_a
630.954
_b
BRA/VI
100
_a
Brayne, F L .
_9
1474
245
_a
Village ABC /
250
_a
1 /
260
_a
London :
_b
Oxford University Press ,
_c
1950.
300
_a
136 ; .
942
_c
REF
999
_c
9882
_d
9882